[Event "DEM U18w 2025"]
[Site "Willingen GER"]
[Date "2025.06.12"]
[Round "7"]
[White "Bräutigam, Katerina"]
[Black "Neumann, Helena"]
[Result "1-0"]
[Termination "normal"]
[Board "2"]
[WhiteTitle "WFM"]
[BlackTitle "WFM"]
[WhiteElo "2095"]
[BlackElo "2017"]
[WhiteClock "00:00:42"]
[BlackClock "00:24:51"]
[PlyCount "67"]
[WhiteFideId "16242980"]
[BlackFideId "16275365"]
[EventCountry "GER"]
[EventRounds "9"]
[EventType "swiss"]
[EventDate "2025.06.07"]

1. e4 {[%clk 01:30:57]} {[%emt 00:00:02]} c6 {[%clk 01:30:35]} {[%emt
00:00:26]} 2. d4 {[%clk 01:31:23]} {[%emt 00:00:05]} d5 {[%clk 01:31:02]}
{[%emt 00:00:03]} 3. e5 {[%clk 01:31:47]} {[%emt 00:00:05]} Bf5 {[%clk
01:31:28]} {[%emt 00:00:04]} 4. Nd2 {[%clk 01:32:09]} {[%emt 00:00:08]} e6
{[%clk 01:31:53]} {[%emt 00:00:05]} 5. Nb3 {[%clk 01:32:31]} {[%emt 00:00:08]}
Nd7 {[%clk 01:32:20]} {[%emt 00:00:04]} 6. Nf3 {[%clk 01:32:42]} {[%emt
00:00:18]} h6 {[%clk 01:32:46]} {[%emt 00:00:05]} 7. Be2 {[%clk 01:32:30]}
{[%emt 00:00:41]} Ne7 {[%clk 01:33:12]} {[%emt 00:00:04]} 8. O-O {[%clk
01:32:41]} {[%emt 00:00:20]} g5 {[%clk 01:33:40]} {[%emt 00:00:02]} 9. Ne1
{[%clk 01:32:47]} {[%emt 00:00:22]} Qc7 {[%clk 01:34:07]} {[%emt 00:00:04]} 10.
Bd2 {[%clk 01:26:38]} {[%emt 00:06:38]} c5 {[%clk 01:30:33]} {[%emt 00:04:04]}
11. Nxc5 {[%clk 01:24:10]} {[%emt 00:02:58]} Nxc5 {[%clk 01:30:57]} {[%emt
00:00:06]} 12. dxc5 {[%clk 01:24:32]} {[%emt 00:00:08]} Nc6 {[%clk 01:30:35]}
{[%emt 00:00:52]} 13. b4 {[%clk 01:19:53]} {[%emt 00:05:09]} Qxe5 {[%clk
01:28:23]} {[%emt 00:02:41]} 14. c3 {[%clk 01:12:23]} {[%emt 00:08:01]} Bg7
{[%clk 01:23:45]} {[%emt 00:05:09]} 15. Rc1 {[%clk 00:59:35]} {[%emt 00:13:17]}
Qc7 {[%clk 01:20:21]} {[%emt 00:03:54]} 16. f4 {[%clk 00:49:32]} {[%emt
00:10:32]} Rd8 {[%clk 01:15:16]} {[%emt 00:05:36]} 17. Qa4 {[%clk 00:41:47]}
{[%emt 00:08:15]} a6 {[%clk 01:08:37]} {[%emt 00:07:10]} 18. Nc2 {[%clk
00:27:47]} {[%emt 00:14:28]} gxf4 {[%clk 01:01:20]} {[%emt 00:07:48]} 19. Nd4
{[%clk 00:25:12]} {[%emt 00:03:05]} Bg6 {[%clk 00:57:51]} {[%emt 00:04:00]} 20.
Nxc6 {[%clk 00:16:22]} {[%emt 00:09:20]} bxc6 {[%clk 00:56:31]} {[%emt
00:01:50]} 21. Qxa6 {[%clk 00:13:17]} {[%emt 00:03:34]} O-O {[%clk 00:49:15]}
{[%emt 00:07:46]} 22. Bxf4 {[%clk 00:07:23]} {[%emt 00:06:24]} e5 {[%clk
00:48:43]} {[%emt 00:01:03]} 23. Be3 {[%clk 00:07:38]} {[%emt 00:00:14]} Ra8
{[%clk 00:45:35]} {[%emt 00:03:38]} 24. Qb6 {[%clk 00:07:59]} {[%emt 00:00:09]}
Qxb6 {[%clk 00:40:39]} {[%emt 00:05:26]} 25. cxb6 {[%clk 00:08:23]} {[%emt
00:00:06]} Rxa2 {[%clk 00:41:04]} {[%emt 00:00:05]} 26. Ra1 {[%clk 00:03:11]}
{[%emt 00:05:41]} Rxa1 {[%clk 00:35:21]} {[%emt 00:06:14]} 27. Rxa1 {[%clk
00:03:34]} {[%emt 00:00:07]} Rb8 {[%clk 00:35:50]} 28. Ra7 {[%clk 00:01:39]}
{[%emt 00:02:25]} Kf8 {[%clk 00:26:29]} {[%emt 00:09:51]} 29. b7 {[%clk
00:01:10]} {[%emt 00:00:59]} Ke7 {[%clk 00:26:50]} {[%emt 00:00:09]} 30. Ba6
{[%clk 00:01:02]} {[%emt 00:00:38]} Kd7 {[%clk 00:26:29]} {[%emt 00:00:51]} 31.
Bb6 {[%clk 00:00:53]} {[%emt 00:00:39]} e4 {[%clk 00:24:46]} {[%emt 00:02:12]}
32. Ra8 {[%clk 00:00:47]} {[%emt 00:00:37]} Be5 {[%clk 00:25:13]} {[%emt
00:00:03]} 33. Ba7 {[%clk 00:00:36]} {[%emt 00:00:42]} e3 {[%clk 00:24:51]}
{[%emt 00:00:52]} 34. Bxb8 {[%clk 00:00:42]} {[%emt 00:00:24]} 1-0

[Event "DEM U18w 2025"]
[Site "Willingen GER"]
[Date "2025.06.12"]
[Round "7"]
[White "Sereda, Yaroslava"]
[Black "Fock, Madiha"]
[Result "0-1"]
[Termination "normal"]
[Board "3"]
[WhiteTitle "WFM"]
[WhiteElo "2107"]
[BlackElo "1830"]
[WhiteClock "00:03:15"]
[BlackClock "00:08:07"]
[PlyCount "137"]
[WhiteFideId "14178940"]
[BlackFideId "16253574"]
[EventCountry "GER"]
[EventRounds "9"]
[EventType "swiss"]
[EventDate "2025.06.07"]

1. e4 {[%clk 01:30:58]} {[%emt 00:00:02]} c5 {[%clk 01:30:54]} {[%emt
00:00:05]} 2. Nf3 {[%clk 01:31:14]} {[%emt 00:00:14]} d6 {[%clk 01:31:19]}
{[%emt 00:00:05]} 3. d4 {[%clk 01:31:34]} {[%emt 00:00:10]} cxd4 {[%clk
01:31:43]} {[%emt 00:00:06]} 4. Nxd4 {[%clk 01:31:59]} {[%emt 00:00:05]} Nf6
{[%clk 01:32:06]} {[%emt 00:00:07]} 5. Nc3 {[%clk 01:32:20]} {[%emt 00:00:09]}
a6 {[%clk 01:32:32]} {[%emt 00:00:04]} 6. h3 {[%clk 01:32:35]} {[%emt
00:00:15]} Nc6 {[%clk 01:30:06]} {[%emt 00:02:56]} 7. g4 {[%clk 01:31:22]}
{[%emt 00:01:44]} h6 {[%clk 01:28:30]} {[%emt 00:02:05]} 8. Bg2 {[%clk
01:30:40]} {[%emt 00:01:12]} e6 {[%clk 01:26:03]} {[%emt 00:02:58]} 9. Be3
{[%clk 01:30:15]} {[%emt 00:00:54]} Ne5 {[%clk 01:19:44]} {[%emt 00:06:49]} 10.
b3 {[%clk 01:15:12]} {[%emt 00:15:34]} Qc7 {[%clk 01:12:53]} {[%emt 00:07:21]}
11. Nde2 {[%clk 00:56:56]} {[%emt 00:18:46]} Ng6 {[%clk 01:03:41]} {[%emt
00:09:41]} 12. Qd3 {[%clk 00:44:07]} {[%emt 00:13:20]} Nh4 {[%clk 00:59:58]}
{[%emt 00:04:12]} 13. Rg1 {[%clk 00:42:19]} {[%emt 00:02:18]} Nxg2+ {[%clk
00:59:07]} {[%emt 00:01:22]} 14. Rxg2 {[%clk 00:42:39]} {[%emt 00:00:10]} b5
{[%clk 00:54:39]} {[%emt 00:04:58]} 15. O-O-O {[%clk 00:35:26]} {[%emt
00:07:43]} Bb7 {[%clk 00:52:10]} {[%emt 00:02:58]} 16. f3 {[%clk 00:28:58]}
{[%emt 00:06:58]} Rc8 {[%clk 00:49:06]} {[%emt 00:03:33]} 17. Bf4 {[%clk
00:26:23]} {[%emt 00:03:05]} e5 {[%clk 00:43:36]} {[%emt 00:06:00]} 18. Be3
{[%clk 00:26:19]} {[%emt 00:00:34]} b4 {[%clk 00:42:39]} {[%emt 00:01:28]} 19.
Na4 {[%clk 00:25:48]} {[%emt 00:01:01]} d5 {[%clk 00:37:29]} {[%emt 00:05:40]}
20. exd5 {[%clk 00:25:31]} {[%emt 00:00:48]} Nxd5 {[%clk 00:37:10]} {[%emt
00:00:48]} 21. Ng3 {[%clk 00:24:07]} {[%emt 00:01:54]} Nxe3 {[%clk 00:31:23]}
{[%emt 00:06:17]} 22. Qxe3 {[%clk 00:24:31]} {[%emt 00:00:06]} Be7 {[%clk
00:31:14]} {[%emt 00:00:38]} 23. Kb1 {[%clk 00:19:50]} {[%emt 00:05:12]} O-O
{[%clk 00:30:03]} {[%emt 00:01:41]} 24. Ne4 {[%clk 00:15:29]} {[%emt 00:04:51]}
Rfd8 {[%clk 00:25:38]} {[%emt 00:04:55]} 25. Rgd2 {[%clk 00:03:46]} {[%emt
00:12:13]} Rd4 {[%clk 00:21:50]} {[%emt 00:04:17]} 26. Qe2 {[%clk 00:02:11]}
{[%emt 00:02:06]} Bxe4 {[%clk 00:19:09]} {[%emt 00:03:11]} 27. fxe4 {[%clk
00:02:36]} {[%emt 00:00:05]} Rxd2 {[%clk 00:19:20]} {[%emt 00:00:20]} 28. Rxd2
{[%clk 00:02:49]} {[%emt 00:00:17]} Bg5 {[%clk 00:18:47]} {[%emt 00:01:02]} 29.
Rd5 {[%clk 00:03:00]} {[%emt 00:00:19]} Qa7 {[%clk 00:16:25]} {[%emt 00:02:52]}
30. Rd1 {[%clk 00:02:15]} {[%emt 00:01:15]} a5 {[%clk 00:14:53]} {[%emt
00:02:02]} 31. Qf3 {[%clk 00:02:01]} {[%emt 00:00:44]} Qc7 {[%clk 00:14:43]}
{[%emt 00:00:41]} 32. Qe2 {[%clk 00:02:23]} {[%emt 00:00:08]} Qa7 {[%clk
00:12:25]} {[%emt 00:02:47]} 33. Qf3 {[%clk 00:02:24]} {[%emt 00:00:29]} Be3
{[%clk 00:11:33]} {[%emt 00:01:23]} 34. Qe2 {[%clk 00:01:42]} {[%emt 00:01:11]}
Bd4 {[%clk 00:11:28]} {[%emt 00:00:35]} 35. h4 {[%clk 00:01:31]} {[%emt
00:00:41]} Qe7 {[%clk 00:08:31]} {[%emt 00:03:26]} 36. Rh1 {[%clk 00:01:39]}
{[%emt 00:00:23]} Qc7 {[%clk 00:04:14]} {[%emt 00:04:47]} 37. g5 {[%clk
00:01:39]} {[%emt 00:00:30]} h5 {[%clk 00:03:59]} {[%emt 00:00:45]} 38. Rf1
{[%clk 00:00:59]} {[%emt 00:01:10]} Qc6 {[%clk 00:03:14]} {[%emt 00:01:15]} 39.
Rd1 {[%clk 00:00:49]} {[%emt 00:00:39]} g6 {[%clk 00:02:58]} {[%emt 00:00:47]}
40. Rd3 {[%clk 00:00:44]} {[%emt 00:00:34]} Kg7 {[%clk 00:01:29]} {[%emt
00:02:00]} 41. Rf3 {[%clk 00:26:12]} {[%emt 00:05:02]} Rc7 {[%clk 00:28:51]}
{[%emt 00:03:08]} 42. Rd3 {[%clk 00:20:08]} {[%emt 00:06:34]} f6 {[%clk
00:24:26]} {[%emt 00:04:55]} 43. Rf3 {[%clk 00:09:27]} {[%emt 00:11:11]} fxg5
{[%clk 00:23:05]} {[%emt 00:01:50]} 44. hxg5 {[%clk 00:09:56]} Qe6 {[%clk
00:22:39]} {[%emt 00:00:56]} 45. Nb2 {[%clk 00:05:23]} {[%emt 00:05:03]} Qg4
{[%clk 00:20:15]} {[%emt 00:02:53]} 46. Nc4 {[%clk 00:04:10]} {[%emt 00:01:43]}
Ra7 {[%clk 00:18:25]} {[%emt 00:02:21]} 47. Nd6 {[%clk 00:03:04]} {[%emt
00:01:35]} Qxg5 {[%clk 00:16:24]} {[%emt 00:02:31]} 48. Qc4 {[%clk 00:03:05]}
{[%emt 00:00:30]} Qg2 {[%clk 00:13:20]} {[%emt 00:03:34]} 49. Rf1 {[%clk
00:00:41]} {[%emt 00:02:54]} h4 {[%clk 00:10:54]} {[%emt 00:02:56]} 50. Nb5
{[%clk 00:00:46]} {[%emt 00:00:25]} Rd7 {[%clk 00:09:55]} {[%emt 00:01:29]} 51.
Nxd4 {[%clk 00:01:01]} {[%emt 00:00:15]} exd4 {[%clk 00:10:02]} {[%emt
00:00:23]} 52. Qb5 {[%clk 00:00:48]} {[%emt 00:00:43]} Re7 {[%clk 00:10:09]}
{[%emt 00:00:23]} 53. Qa6 {[%clk 00:00:59]} {[%emt 00:00:19]} Qxe4 {[%clk
00:09:03]} {[%emt 00:01:36]} 54. Qxa5 {[%clk 00:00:45]} {[%emt 00:00:44]} d3
{[%clk 00:08:49]} {[%emt 00:00:43]} 55. Qd8 {[%clk 00:00:51]} {[%emt 00:00:25]}
dxc2+ {[%clk 00:08:38]} {[%emt 00:00:41]} 56. Kc1 {[%clk 00:00:59]} {[%emt
00:00:21]} Qe3+ {[%clk 00:07:39]} {[%emt 00:01:30]} 57. Qd2 {[%clk 00:01:11]}
{[%emt 00:00:18]} Qxd2+ {[%clk 00:06:50]} {[%emt 00:01:19]} 58. Kxd2 {[%clk
00:01:35]} {[%emt 00:00:06]} Rc7 {[%clk 00:06:59]} {[%emt 00:00:20]} 59. Kc1
{[%clk 00:01:37]} {[%emt 00:00:28]} Kh6 {[%clk 00:07:15]} {[%emt 00:00:15]} 60.
Rf4 {[%clk 00:01:52]} {[%emt 00:00:15]} Kh5 {[%clk 00:07:12]} {[%emt 00:00:33]}
61. Rxb4 {[%clk 00:02:12]} {[%emt 00:00:11]} h3 {[%clk 00:07:23]} {[%emt
00:00:18]} 62. Rb8 {[%clk 00:02:32]} {[%emt 00:00:10]} Kg4 {[%clk 00:07:28]}
{[%emt 00:00:25]} 63. Rh8 {[%clk 00:02:37]} {[%emt 00:00:24]} Kg3 {[%clk
00:07:44]} {[%emt 00:00:15]} 64. b4 {[%clk 00:02:15]} {[%emt 00:00:52]} h2
{[%clk 00:07:43]} {[%emt 00:00:31]} 65. b5 {[%clk 00:02:32]} {[%emt 00:00:13]}
Kg2 {[%clk 00:07:21]} {[%emt 00:00:52]} 66. a4 {[%clk 00:02:36]} {[%emt
00:00:26]} h1=Q+ {[%clk 00:07:28]} {[%emt 00:00:22]} 67. Rxh1 {[%clk 00:02:58]}
{[%emt 00:00:08]} Kxh1 {[%clk 00:07:50]} {[%emt 00:00:09]} 68. b6 {[%clk
00:02:58]} {[%emt 00:00:31]} Rb7 {[%clk 00:08:07]} {[%emt 00:00:12]} 69. a5
{[%clk 00:03:15]} {[%emt 00:00:14]} g5 {[%clk 00:07:31]} {[%emt 00:01:05]} 70.
Kxc2 {[%clk 00:03:40]} {[%emt 00:00:05]} g4 {[%clk 00:07:57]} {[%emt 00:00:04]}
71. Kc3 {[%clk 00:04:05]} {[%emt 00:00:05]} g3 {[%clk 00:08:22]} {[%emt
00:00:04]} 72. Kc4 {[%clk 00:04:18]} {[%emt 00:00:17]} g2 {[%clk 00:08:46]}
{[%emt 00:00:07]} 73. Kd4 {[%emt 00:00:56]} 0-1

[Event "DEM U18w 2025"]
[Site "Willingen GER"]
[Date "2025.06.12"]
[Round "7"]
[White "Bursan, Ana-Maria"]
[Black "Jacobasch, Ronja"]
[Result "1/2-1/2"]
[Termination "normal"]
[Board "4"]
[WhiteElo "1894"]
[BlackElo "1861"]
[WhiteClock "00:05:43"]
[BlackClock "00:07:29"]
[PlyCount "69"]
[WhiteFideId "34620150"]
[BlackFideId "34604340"]
[EventCountry "GER"]
[EventRounds "9"]
[EventType "swiss"]
[EventDate "2025.06.07"]

1. e4 {[%clk 01:30:57]} {[%emt 00:00:02]} g6 {[%clk 01:30:41]} {[%emt
00:00:20]} 2. d4 {[%clk 01:31:18]} {[%emt 00:00:10]} Bg7 {[%clk 01:31:04]}
{[%emt 00:00:07]} 3. Nc3 {[%clk 01:31:23]} {[%emt 00:00:24]} c6 {[%clk
01:31:11]} {[%emt 00:00:23]} 4. h4 {[%clk 01:29:47]} {[%emt 00:02:06]} d5
{[%clk 01:27:43]} {[%emt 00:03:58]} 5. exd5 {[%clk 01:26:55]} {[%emt 00:03:22]}
cxd5 {[%clk 01:27:19]} {[%emt 00:00:55]} 6. Bf4 {[%clk 01:21:54]} {[%emt
00:05:30]} a6 {[%clk 01:13:38]} {[%emt 00:14:12]} 7. h5 {[%clk 01:17:11]}
{[%emt 00:05:12]} Nc6 {[%clk 01:05:55]} {[%emt 00:08:13]} 8. hxg6 {[%clk
01:15:09]} {[%emt 00:02:32]} fxg6 {[%clk 01:02:57]} {[%emt 00:03:29]} 9. Bd3
{[%clk 01:06:17]} {[%emt 00:09:21]} Nf6 {[%clk 00:48:09]} {[%emt 00:15:19]} 10.
Nge2 {[%clk 00:56:51]} {[%emt 00:09:55]} Nb4 {[%clk 00:42:49]} {[%emt
00:05:50]} 11. f3 {[%clk 00:53:25]} {[%emt 00:03:56]} Nxd3+ {[%clk 00:42:22]}
{[%emt 00:00:57]} 12. Qxd3 {[%clk 00:52:50]} {[%emt 00:01:05]} b5 {[%clk
00:33:03]} {[%emt 00:09:49]} 13. g4 {[%clk 00:47:01]} {[%emt 00:06:18]} Qa5
{[%clk 00:30:31]} {[%emt 00:03:03]} 14. Ng3 {[%clk 00:39:38]} {[%emt 00:07:53]}
b4 {[%clk 00:27:14]} {[%emt 00:03:48]} 15. Nd1 {[%clk 00:38:27]} {[%emt
00:01:40]} Qb6 {[%clk 00:20:30]} {[%emt 00:07:14]} 16. Ne3 {[%clk 00:34:16]}
{[%emt 00:04:41]} Bd7 {[%clk 00:17:59]} {[%emt 00:03:02]} 17. g5 {[%clk
00:28:45]} {[%emt 00:05:59]} Bb5 {[%clk 00:15:30]} {[%emt 00:03:00]} 18. Qd2
{[%clk 00:27:54]} {[%emt 00:01:22]} Nd7 {[%clk 00:15:37]} {[%emt 00:00:23]} 19.
O-O-O {[%clk 00:23:00]} {[%emt 00:05:23]} Bc6 {[%clk 00:15:09]} {[%emt
00:00:58]} 20. Qd3 {[%clk 00:19:50]} {[%emt 00:03:40]} Bb7 {[%clk 00:13:22]}
{[%emt 00:02:17]} 21. Ng4 {[%clk 00:18:32]} {[%emt 00:01:48]} O-O-O {[%clk
00:12:12]} {[%emt 00:01:42]} 22. Rh2 {[%clk 00:17:07]} {[%emt 00:01:53]} Rdf8
{[%clk 00:11:21]} {[%emt 00:01:21]} 23. Ne2 {[%clk 00:15:33]} {[%emt 00:02:03]}
a5 {[%clk 00:08:57]} {[%emt 00:02:56]} 24. Qd2 {[%clk 00:14:05]} {[%emt
00:01:58]} Ba6 {[%clk 00:08:52]} {[%emt 00:00:34]} 25. Qe3 {[%clk 00:12:15]}
{[%emt 00:02:21]} Rf7 {[%clk 00:08:53]} {[%emt 00:00:29]} 26. Ng3 {[%clk
00:10:23]} {[%emt 00:02:21]} Rhf8 {[%clk 00:08:49]} {[%emt 00:00:34]} 27. Be5
{[%clk 00:08:02]} {[%emt 00:02:51]} Bxe5 {[%clk 00:08:38]} {[%emt 00:00:41]}
28. Nxe5 {[%clk 00:08:16]} {[%emt 00:00:16]} Nxe5 {[%clk 00:08:53]} {[%emt
00:00:15]} 29. Qxe5 {[%clk 00:08:22]} {[%emt 00:00:24]} Bb7 {[%clk 00:07:18]}
{[%emt 00:02:06]} 30. f4 {[%clk 00:08:00]} {[%emt 00:00:51]} Qc7 {[%clk
00:06:47]} {[%emt 00:01:01]} 31. Qe6+ {[%clk 00:07:20]} {[%emt 00:01:11]} Qd7
{[%clk 00:06:46]} {[%emt 00:00:31]} 32. Qb6 {[%clk 00:06:34]} {[%emt 00:01:15]}
Qc7 {[%clk 00:06:56]} {[%emt 00:00:20]} 33. Qe6+ {[%clk 00:06:15]} {[%emt
00:00:49]} Qd7 {[%clk 00:07:20]} {[%emt 00:00:07]} 34. Qb6 {[%clk 00:05:57]}
{[%emt 00:00:47]} Qc7 {[%clk 00:07:29]} {[%emt 00:00:20]} 35. Qe6+ {[%clk
00:05:43]} {[%emt 00:00:44]} 1/2-1/2